[Event "Canoa op"]
[Site "Canoa"]
[Date "2024.10.13"]
[Round "6"]
[White "De Sousa, Ulisses Jairo"]
[Black "Fiori, Luis Eduardo"]
[Result "1/2-1/2"]
[WhiteElo "1737"]
[BlackElo "1822"]
[PlyCount "134"]
[EventDate "2024.10.11"]
[EventType "swiss"]
[EventRounds "6"]
[EventCountry "BRA"]
[SourceTitle "CB43_2024"]
[Source "Chessbase"]
[SourceDate "2024.10.23"]
[SourceVersion "1"]
[SourceVersionDate "2024.10.23"]
[SourceQuality "1"]

1. e4 e6 2. Nf3 d5 3. exd5 exd5 4. d4 Nf6 5. Nc3 Bd6 6. Bg5 c6 7. Bd3 Bg4 8. Qd2 0-0 9. 0-0-0 Nbd7 10. h3 Bh5 11. g4 Bg6 12. h4 Qc7 13. h5 Bxd3 14. Qxd3 Bf4+ 15. Kb1 Bxg5 16. Nxg5 Qf4 17. Nh3 Qxg4 18. Rdg1 Qe6 19. Nf4 Qd6 20. Qg3 g6 21. Qh4 Rfe8 22. hxg6 fxg6 23. Nce2 Kf7 24. Qg5 Rg8 25. Nd3 Rae8 26. Ng3 Qe6 27. f4 Re7 28. Ne5+ Ke8 29. Re1 Nxe5 30. fxe5 Nd7 31. Ref1 Rf7 32. Ne2 Rxf1+ 33. Rxf1 Rf8 34. Rxf8+ Nxf8 35. Nf4 Qf7 36. Qg4 Qf5 37. Qxf5 gxf5 38. c3 Ng6 39. Nxg6 hxg6 40. Kc1 g5 41. Kd1 Ke7 42. Ke2 g4 43. Kf2 f4 44. Kg2 Ke6 45. Kf2 Kf5 46. Kg2 Kg5 47. Kf2 Kf5 48. Kg2 c5 49. a4 c4 50. Kf2 Kg5 51. Kg2 g3 52. Kf3 a5 53. Kg2 Kg4 54. e6 f3+ 55. Kg1 Kh3 56. e7 f2+ 57. Kf1 Kh2 58. e8Q g2+ 59. Kxf2 g1Q+ 60. Kf3 Qg3+ 61. Ke2 Qg2+ 62. Ke3 Qg3+ 63. Kd2 Qd3+ 64. Kc1 Qf1+ 65. Kd2 Qd3+ 66. Kc1 Qf1+ 67. Kd2 Qd3+ 1/2-1/2

[Event "Canoa op"]
[Site "Canoa"]
[Date "2024.10.12"]
[Round "4"]
[White "Braga, Marcelo Melem"]
[Black "De Sousa, Ulisses Jairo"]
[Result "1-0"]
[WhiteElo "1686"]
[BlackElo "1737"]
[PlyCount "107"]
[EventDate "2024.10.11"]
[EventType "swiss"]
[EventRounds "6"]
[EventCountry "BRA"]
[SourceTitle "CB43_2024"]
[Source "Chessbase"]
[SourceDate "2024.10.23"]
[SourceVersion "1"]
[SourceVersionDate "2024.10.23"]
[SourceQuality "1"]

1. d4 Nf6 2. c4 e6 3. Bg5 Be7 4. Nc3 d5 5. Bxf6 Bxf6 6. cxd5 exd5 7. e3 0-0 8. h3 Nc6 9. Nf3 Re8 10. Bb5 a6 11. Bxc6 bxc6 12. 0-0 Rb8 13. Na4 Bf5 14. b3 Qc8 15. Rc1 Bxh3 16. gxh3 Qxh3 17. Nh2 Re4 18. Qf3 Qh6 19. Rxc6 Rh4 20. Qg3 Rh3 21. Qg2 Qh4 22. Rxf6 Rxh2 23. Qxh2 Qxf6 24. Qxc7 Re8 25. Nc5 h5 26. Nd7 Qe7 27. Rc1 h4 28. Ne5 Qg5+ 29. Kh2 Qf5 30. f4 Qh5 31. Rc2 h3 32. Qd7 f6 33. Qxd5+ Kh7 34. Qf7 Rxe5 35. Qxh5+ Rxh5 36. e4 Rh4 37. Kg3 g5 38. Rf2 Kg6 39. d5 f5 40. e5 h2 41. Rxh2 Rg4+ 42. Kf2 Rxf4+ 43. Ke1 Re4+ 44. Re2 Kf7 45. Rxe4 fxe4 46. d6 Ke6 47. Ke2 g4 48. Ke3 g3 49. b4 Kd7 50. a4 Kc6 51. b5+ axb5 52. axb5+ Kb6 53. d7 Kc7 54. e6 1-0